Normal view MARC view
  • Supervised by Brig (R) Muhammad Khan Minhas

Entry Personal Name

Number of records used in: 0

001 - CONTROL NUMBER

  • control field: 131991

003 - CONTROL NUMBER IDENTIFIER

  • control field: NUST

005 - DATE AND TIME OF LATEST TRANSACTION

  • control field: 20251121175128.0

008 - FIXED-LENGTH DATA ELEMENTS

  • fixed length control field: 251121|| aca||aabn | a|a d

040 ## - CATALOGING SOURCE

  • Original cataloging agency: NUST
  • Transcribing agency: NUST

100 ## - HEADING--PERSONAL NAME

  • Personal name: Supervised by Brig (R) Muhammad Khan Minhas

670 ## - SOURCE DATA FOUND

  • Source citation: Work cat.: (NUST)184046: Raja , Haroon (TCC-17A) 131990, Adaptive MIMO-OFDM communication wait channel state information (CSI) at the transmitter /, 2009
© 2023 Central Library, National University of Sciences and Technology. All Rights Reserved.